543 faces of India: guide to 543 parliamentary constituencies (Record no. 23231)

MARC details
000 -LEADER
fixed length control field 00440nam a2200157Ia 4500
020 ## - INTERNATIONAL STANDARD BOOK NUMBER
ISBN 81-900669-0-0
082 ## - DEWEY DECIMAL CLASSIFICATION NUMBER
Classification number RR 923.254 SIN-;
100 ## - MAIN ENTRY--AUTHOR NAME
Personal name Singh, H D
245 #0 - TITLE STATEMENT
Title 543 faces of India: guide to 543 parliamentary constituencies
260 ## - PUBLICATION, DISTRIBUTION, ETC. (IMPRINT)
Place of publication New Delhi
Name of publisher Newsmen Publishers
Year of publication 1996
300 ## - PHYSICAL DESCRIPTION
Number of Pages 331p.
504 ## - BIBLIOGRAPHY, ETC. NOTE
Bibliography, etc Includes index
650 ## - SUBJECT ADDED ENTRY--TOPICAL TERM
Topical Term Biography - Directories
650 ## - SUBJECT ADDED ENTRY--TOPICAL TERM
Topical Term Politicians - Biography - India
942 ## - ADDED ENTRY ELEMENTS (KOHA)
Koha item type Books
Source of classification or shelving scheme Dewey Decimal Classification

No items available.